Представление документа в формате RUSMARC

ПолеНазваниеЗначение
  Тип записи a
  Библиографический уровень a
001 Контрольный номер RU/REG73/CBS_GRAD/2d78f3970c424baaa1604f7c779ff9e1
005 Дата корректировки 20240131203730.8
100 Данные общей обработки __
a Данные общей обработки 20231004a1994####m##c0rusy0189 ca
101 Язык документа 0_
a Язык текста rus
102 Страна публикации __
a Страна публикации RU
200 Заглавие и сведения об ответственности 1_
a Заглавие Во имя Любви и Свободы
f Первые сведения об ответственности О. Шейпак
e Сведения, относящиеся к заглавию [о декабристе-симбирянине В. Ивашеве]
215 Физическое описание __
c Иллюстрации/тип воспроизводства ил.
461 Уровень набора _0
1 2000
a Мономах
463 Уровень физической единицы _0
1 2000
a № 5
v С. 2-6.
1 2101
d 2021
1 001RU/REG73/CBS_GRAD/a3f9bfc6022047e28093f4fe342c22c2
600 Персоналии _1
a Персоналии (Фамилия) Ивашев
b Персоналии (Имя, инициалы) Василий
610 Ключевые слова 0_
a Ключевые слова декабристы
610 Ключевые слова 0_
a Ключевые слова жены декабристов
610 Ключевые слова 0_
a Ключевые слова декабристы-симбиряне
686 Индексы других классификаций __
a Классификационный индекс 63.3(2)47
2 Код системы rubbk
700 Автор _1
4 Код отношения 070
a Фамилия Шейпак
b Имя (инициалы) О.
g Полное личное имя Ольга
801 Источник записи _0
a Страна RU
b Организация RuCBSGrad
c Дата составления 20231004
g Правила каталогизации RCR
801 Источник записи _1
a Страна RU
b Организация RuCBSGrad
c Дата составления 20231004
g Правила каталогизации RCR
852 Данные о местонахождении __
a Наименование организации ЦБС Димитровград
m Каталогизатор Тенигина
901 Тип документа __
t Тип документа b
w Контрольный № источника RU/REG73/CBS_GRAD/a3f9bfc6022047e28093f4fe342c22c2
909 Создатель записи __
a Создатель записи Тенигина